00415nam a22001457a 450000500170000000800410001702000180005805000160007610000170009224500560010925000120016526000350017730000380021250000190025020260311170122.0260311b |||||||| |||| 00| 0 eng d a9781292191669 aHB135b.J32 aJacques, Ian aMathematics for Economics and BusinesscIan Jacques a9th ed. aHarlow, EnglandbPearsonc2018 ax. 738p.bill. some colorc26.5cm aincludes index